| 000 | 00522nam a2200193Ia 4500 | ||
|---|---|---|---|
| 003 | 0100 | ||
| 008 | 130303s9999 xx 000 0 und d | ||
| 040 | _cARRUPELIB | ||
| 050 | _aHQ784.W3M3 2001 | ||
| 100 | _aMachel, Graca | ||
| 245 | 4 | _aThe impact of war on children | |
| 245 | _ba review of progress since the 1996 United Nations report on the impact of armed conflict on children | ||
| 260 | _aNew York | ||
| 260 | _bPalgrave | ||
| 260 | _C2001 | ||
| 300 | _axv | ||
| 300 | _b 230p. 25cm. | ||
| 942 |
_2lcc _01 |
||
| 999 |
_c62841 _d62841 |
||